| 000 | 00852nam a2200253Ia 4500 | ||
|---|---|---|---|
| 003 | OSt | ||
| 005 | 20220923221510.0 | ||
| 006 | a|||||r|||| 00| 0 | ||
| 007 | ta | ||
| 008 | 220922b |||||||| |||| 00| 0 mar d | ||
| 024 | _a197,771 | ||
| 037 | _cTextual | ||
| 040 |
_aARTS _cARTS _bmar |
||
| 041 |
_2mar _amar |
||
| 082 | _aO155,6NK0x, 152L5 | ||
| 100 |
_aकोलहटकर, श्रीपाद कृष्ण _9164380 |
||
| 245 | 0 | _aसुदामा के चावल | |
| 246 | _aSudāmā ke chāvala | ||
| 260 |
_aनई दिल्ली _b नेशनल बुक ट¦स्ट _c1975 |
||
| 300 |
_a361पृ0 _ccm. |
||
| 650 | _aमराठी साहित्य | ||
| 942 |
_hO155,6NK0x, 152L5 _cTEXL _2CC |
||
| 999 |
_c349642 _d349642 |
||